| 000 | 00921nac a22002531u 4500 | ||
|---|---|---|---|
| 010 | _a 94033891 | ||
| 020 | _a067399208X | ||
| 082 | 0 | 0 |
_a337 _bH968 |
| 090 |
_c3865 _d3865 |
||
| 100 | _aHusted, Steven L. | ||
| 245 | 1 | 0 |
_aInternational economics / _cSteven Husted, Michael Melvin. |
| 250 | _a3rd ed. | ||
| 260 |
_aNew York, NY : _bHarperCollins College Publishers, _cc1995. |
||
| 300 |
_axvi, 544 p. : _bcol. ill. ; _c25 cm. |
||
| 440 | 4 | _aThe HarperCollins series in economics | |
| 504 | _aIncludes bibliographical references and index. | ||
| 650 | 0 | _aInternational economic relations. | |
| 650 | 0 | _aCommercial policy. | |
| 650 | 0 | _aFinance. | |
| 651 | 0 |
_aUnited States _xCommercial policy. |
|
| 700 | 1 |
_aMelvin, Michael, _d1948- |
|
| 942 |
_cBB _k337H968 |
||
| 999 |
_c3865 _d3865 |
||